Statistics for Longest rivers A-Z

Click here to take the quiz!

General Stats

  • This quiz has been taken 150 times
    (73 since last reset)
  • The average score is 10 of 26

Answer Stats

HintLength (km)Answer% Correct
A6,575Amazon
97%
N6,650Nile
91%
M6,275Mississippi
74%
Y6,300Yangtze
70%
D2,850Danube
68%
V3,530Volga
61%
Z2,574Zambezi
58%
G2,704Ganges
56%
C4,370Congo
53%
P4,880Parana
44%
I3,180Indus
41%
L4,294Lena
39%
O5,410Ob
39%
R3,034Rio Grande
38%
B3,848Brahmaputra
36%
E1,094Elbe
29%
U2,428Ural
27%
X1,640Xingu
18%
F1,375Fraser
15%
T2,450Tocantins
14%
H494Han
11%
K2,129Kolyma
9%
Q720Qu
9%
S2,236Shatt al-Arab
9%
J2,036Japurá
8%
W412Warburton
5%

Score Distribution

Percentile by Number Answered

Percent of People with Each Score

Your Score History

You have not taken this quiz since the last reset